Best General Knowledge #2 - Statistics

General Stats
  • This quiz has been taken 36 times
  • The average score is 12 of 20
Answer Stats
Hint Answer % Correct
What is the molecular mass of a Hydrogen atom? 1
97%
What type of meat can Muslims not eat? Pork
94%
In what continent can you find the Victoria Falls? Africa
90%
What year did the Korean War start? 1950
87%
What modern day country was formerly known as “Siam”? Thailand
84%
How many meters is an Olympic swimming pool long? 50
77%
Where would you find the “sea of tranquillity” ? Moon
74%
What is the capital of Lithuania? Vilnius
74%
What is the abbreviation of Cascade Style Sheet? CSS
61%
What direction do all Mosques face? Mecca
61%
What year was Facebook first launched? 2004
58%
What is the mathematical constant defined as the ration of a circle’s circumference to its diameter called? Pi
55%
Which musical band has sold the most albums? The Beatles
55%
Who painted the “Scream”? Edvard Munch
48%
What is the deepest point on Earth called? Mariana Trench
45%
What subject studies the relation between side lengths and angles? Trigonometry
39%
What does “Fernseher” mean in German? Tv
26%
What does NFT stand for? Non Fungible Token
23%
Who is the chancellor of Germany as of 2022? Olaf Scholz
23%
Who is the all time 3-point leader in the NBA? Stephen Curry
19%
No matching quizzes found
Score Distribution
Percent of People with Each Score
Percentile by Number Answered
Your Score History
You have not taken this quiz